00327nam a2200121Ia 4500008004100000020001500041082001100056100002400067245006600091260002500157300000800182650001500190221030s9999 xx 000 0 und d a8120340091 a105.23 aD. K. Bhattacharyya 0aCross Cultural Management Text & Casescby D. K. Bhattacharya bPHIaNew Delhic2010 a344 aManagement